000 00300nam a22001337a 4500
008 170306b xxu||||| |||| 00| 0 eng d
020 _a9780077306489
041 _aeng
080 _24TH
_a611
100 _a6
101 _aSHM
245 _aDISEASES OF THE HUMAN BODY
_cTAMPARO, C.D
942 _2udc
_cBK
999 _c6863
_d6863